|
|
|
|
| LEADER |
00944nam a2200265 a 4500 |
| 001 |
982 |
| 003 |
BD-DhAAL |
| 005 |
20150617091033.0 |
| 008 |
150617s1996 nyua b 001 0 eng |
| 010 |
|
|
|a 95020086
|
| 020 |
|
|
|a 0195096886 (cloth : acidfree paper)
|
| 040 |
|
|
|a DLC
|c DLC
|d DLC
|d BD-DhAAL
|
| 050 |
0 |
0 |
|a T49.5
|b .D39 1996
|
| 082 |
0 |
0 |
|a 601/.9
|2 20
|
| 100 |
1 |
|
|a Dasgupta, Subrata.
|9 12167
|
| 245 |
1 |
0 |
|a Technology and creativity /
|c Subrata Dasgupta.
|
| 260 |
|
|
|a New York :
|b Oxford University Press,
|c 1996.
|
| 300 |
|
|
|a xvii, 233 p. :
|b ill. ;
|c 25 cm.
|
| 504 |
|
|
|a Includes bibliographical references (p. 215-224) and index.
|
| 541 |
|
|
|e 982
|
| 650 |
|
0 |
|a Creative ability in technology.
|9 12168
|
| 650 |
|
0 |
|a Creative thinking.
|9 12169
|
| 942 |
|
|
|2 ddc
|c BK
|
| 999 |
|
|
|c 34753
|d 34753
|
| 952 |
|
|
|0 0
|1 0
|2 ddc
|4 0
|6 601_900000000000000_DAS
|7 0
|9 54356
|a SCL
|b SCL
|c GEN
|d 2015-06-17
|l 3
|o 601.9 DAS
|p 3020000982
|r 2023-04-03
|s 2023-03-27
|t 1
|w 2015-06-17
|y BK
|